Vedecko-technický a investičný rozvoj v agrokomplexe

Salvato in:
Dettagli Bibliografici
Autore principale: Gardian, Ľudovít
Ente Autore: Vysoká škola ekonomická v Bratislave. Fakulta ekonomiky a riadenia výrobných odvetví
Natura: Libro
Lingua:slovacco
Pubblicazione: Bratislava VŠE 1982
Tags: Aggiungi Tag
Nessun Tag, puoi essere il primo ad aggiungerne!!

MARC

LEADER 00000nam a2200000 4500
001 c129514
005 20220905082839.7
041 0 |a slo 
044 |a SK 
245 1 0 |a Vedecko-technický a investičný rozvoj v agrokomplexe  |c Ľudovít Gardian 
264 1 |a Bratislava  |b VŠE  |c 1982 
300 |a 261 s. 
100 1 |a Gardian, Ľudovít 
710 2 |a Vysoká škola ekonomická v Bratislave. Fakulta ekonomiky a riadenia výrobných odvetví